What your doctor may not tell you about getting pregnant : boost your fertility with the best of traditional and alternative therapies

Bibliographic Details
Main Author: Chang, Raymond
Other Authors: Oumano, Elena
Format: Book
Published: New York : Hachette Books , 2007
Subjects:

MARC

LEADER 00000cam a2200000 7i4500
001 0000014709
005 20080305.0
008 080305
020 |a 0446694967 
090 0 0 |a 616.692061   |b CHA 
100 1 |a Chang, Raymond 
245 1 0 |a What your doctor may not tell you about getting pregnant :   |b boost your fertility with the best of traditional and alternative therapies   |c Raymond Chang, with Elena Oumano 
260 |a New York :   |b Hachette Books ,   |c 2007 
650 0 |a Fertility, Human   |x Popular works 
650 0 |a Human reproductive technology   |x Popular works 
650 0 |a Infertility   |x Alternative treatment   |x Popular works 
650 0 |a Medicine, Chinese 
700 1 |a Oumano, Elena 
999 |a 0001015552   |b Book   |c Adult Collection   |e Cawangan AEON Kulaijaya